• 首页
  • 本馆介绍
  • 公告通知
  • 最新文献
  • 馆藏检索
  • 电子资源
  • 读者导购
  • 参考咨询
  • 我的图书馆
  • 登录
  • 详细信息显示
  • 放入我的书架
  • 预约/预借图书
  • 作者相关作品
  • 分类相关作品
  • 丛书相关作品
  • 出版社相关作品

书目信息

  • 表格格式
  • 工作单格式
  • 卡片格式
题名:
汇率的本质
    
 
作者: 管涛 著
分册:  
出版信息: 北京   中信出版集团股份有限公司  2016
页数: 13,345页
开本: 23cm
丛书名: 中国金融四十人论坛书系
单 册:
中图分类: F832.63
科图分类:
主题词: 人民币汇率--ren min bi hui lv--研究
电子资源:
ISBN: 978-7-5086-6524-5
000 01004nam0 22002651 450
001 0109172414
005 20170309172414.0
010    @a978-7-5086-6524-5@dCNY58.00
100    @a20161014d2016 em y0chiy50 ea
101 0  @achi
102    @aCN@b110000
105    @ay z 000yy
106    @ar
200 1  @a汇率的本质@9hui lv de ben zhi@dThe nature of exchange rate@f管涛著@zeng
210    @a北京@c中信出版集团股份有限公司@d2016
215    @a13,345页@d23cm
225 2  @a中国金融四十人论坛书系@9zhong guo jin rong si shi ren lun tan shu xi
330    @a本书是作者根据二十多年外汇政策研究经历,对后危机时代人民币汇率改革和跨境资本流动管理的深刻思考,对中国的汇率政策、资本管制和金融对外开放等问题均有深刻独到的论述。
461  0 @12001 @a中国金融四十人论坛书系
510 1  @aNature of exchange rate@zeng
606 0  @a人民币汇率@9ren min bi hui lv@x研究
690    @aF832.63@v5
701  0 @a管涛@9guan tao@f(1970.11~)@4著
801  0 @aCN@bTANGWEI@c20170308
905    @b0953252-5@dF832.63@e142@f4
    
    汇率的本质=The nature of exchange rate/管涛著.-北京:中信出版集团股份有限公司,2016
    13,345页;23cm.-(中国金融四十人论坛书系)
    
    
    ISBN 978-7-5086-6524-5:CNY58.00
    本书是作者根据二十多年外汇政策研究经历,对后危机时代人民币汇率改革和跨境资本流动管理的深刻思考,对中国的汇率政策、资本管制和金融对外开放等问题均有深刻独到的论述。
●
相关链接 在E读中查询图书 在五车中查询图书 在当当中查询图书 在豆瓣中查询图书


正题名:汇率的本质     索取号:F832.63/142         预约/预借

序号 登录号 条形码 馆藏地/架位号 状态 备注
1 0953252   209532521   第一样本阅览室/ [索取号:F832.63/142] 在馆    
2 0953253   209532530   密集书库-海洋学院/ [索取号:F832.63/142] 在馆    
3 0953254   209532549   第一借阅区/ [索取号:F832.63/142] 在馆    
4 0953255   209532558   第一借阅区/ [索取号:F832.63/142] 在馆    
唐山师范学院图书馆 欢迎您!
大连网信软件有限公司© 版权所有